000
00339nam a2200157Ia 4500
003
OSt
005
20231107060112.0
008
170524s9999 xx 000 0 und d
020
_a
0750652675
040
_c
IIMT
100
_a
Khan M Y
100
_c
2007
245
0
_a
Financial Management
260
_a
Tata McGraw Hill
942
_2
ddc
_c
02
999
_c
2301
_d
2301